Οικονομία και κοινωνία στην αρχαία Ελλάδα

Saved in:
Bibliographic Details
Main Author: Finley, M. I. (Moses I.), 1912-1986
Other Authors: Κυρτάτας, Δημήτρης Ι., 1952- (Editor)
Format: Book
Language:Greek
English
Published: Αθήνα : Καρδαμίτσα, 1988-1991.
Subjects:
Tags: Add Tag
No Tags, Be the first to tag this record!

MARC

LEADER 00000cam a2200000 i 4500
001 1/100153
008 950413m19881991gr | ||| |||| ||gre||
020 |a 9607262360   |q (set) 
035 |l 10011587 
040 |a GR-MyUa  |b gre  |e AACR2 
041 1 |a gre  |h eng 
082 7 |a 938.106 
100 1 |a Finley, M. I.   |q (Moses I.),   |d 1912-1986. 
245 1 0 |a Οικονομία και κοινωνία στην αρχαία Ελλάδα /   |c M.I. Finley ; επιμέλεια Δημήτρης Κυρτάτας. 
260 |a Αθήνα :   |b Καρδαμίτσα,   |c 1988-1991. 
300 |a 208 σ. ;   |c 22 εκ. 
651 0 |a Greece  |x Economic conditions  |y To 146 B.C. 
651 0 |a Greece  |x Social conditions  |y Το 146 B.C. 
651 0 |a Greece  |x History  |y To 146 B.C. 
700 1 |a Κυρτάτας, Δημήτρης Ι.,   |d 1952-  |e edt 
852 |a INST  |b LESVOS  |e 19950413  |h 938.106 FIN  |p 005100001667  |q 005100001667  |t BK  |y 0  |z τ.2. 
852 |a INST  |b LESVOS  |e 19950829  |h 938.106 FIN  |p 005100001681  |q 005100001681  |t BK  |y 0  |z τ.1. 
852 |a INST  |b LESVOS  |e 19950829  |h 938.106 FIN  |p 005100005212  |q 005100005212  |t BK  |y 0  |z τ.1. 
852 |a INST  |b LESVOS  |e 19980327  |h 938.106 FIN  |p 005100013709  |q 005100013709  |t BK  |y 0  |z τ.1. 
852 |a INST  |b LESVOS  |e 19980327  |h 938.106 FIN  |p 005100013710  |q 005100013710  |t BK  |y 0  |z τ.2. 
852 |a INST  |b LESVOS  |e 19950413  |h 938.106 FIN  |p 005100001667  |q 005100001667  |t BK  |v τ.2.:  |y 0  |z τ.2. 
852 |a INST  |b LESVOS  |e 19950829  |h 938.106 FIN  |p 005100001681  |q 005100001681  |t BK  |v τ.1.:  |y 0  |z τ.1. 
852 |a INST  |b LESVOS  |e 19950829  |h 938.106 FIN  |p 005100005212  |q 005100005212  |t BK  |v τ.1.:  |y 0  |z τ.1. 
852 |a INST  |b LESVOS  |e 19980327  |h 938.106 FIN  |p 005100013709  |q 005100013709  |t BK  |v τ.1.:  |y 0  |z τ.1. 
852 |a INST  |b LESVOS  |e 19980327  |h 938.106 FIN  |p 005100013710  |q 005100013710  |t BK  |v τ.2.:  |y 0  |z τ.2. 
853 |a INST  |b LESVOS  |h 938.106 FIN 
901 |a BIBL-1998-2 
922 |a 1ΕΛΗ  |b 199802  |c ΚΠΣ/ΤΚΑ  |d EMVASIS 
950 |a 117-1998-01-28